Bhaishajya samhitā. (Record no. 73126)

MARC details
000 -LEADER
fixed length control field 00556cam a22002291 4500
001 - CONTROL NUMBER
control field sa 67002214
003 - CONTROL NUMBER IDENTIFIER
control field DLC
005 - DATE AND TIME OF LATEST TRANSACTION
control field 20260227112329.0
008 - FIXED-LENGTH DATA ELEMENTS--GENERAL INFORMATION
fixed length control field 810725s1965 xx b 000 0 hin
010 ## - LIBRARY OF CONGRESS CONTROL NUMBER
LC control number sa 67002214
035 ## - SYSTEM CONTROL NUMBER
System control number (OCoLC)14609326
040 ## - CATALOGING SOURCE
Original cataloging agency DLC
Transcribing agency DNLM
Modifying agency DLC
042 ## - AUTHENTICATION CODE
Authentication code premarc
050 00 - LIBRARY OF CONGRESS CALL NUMBER
Classification number RS180.I3
Item number V53
060 0# - NATIONAL LIBRARY OF MEDICINE CALL NUMBER
Classification number QV 740
Item number JI4 G9b 1965
100 1# - MAIN ENTRY--PERSONAL NAME
Personal name Gupta, Atrideva,
Dates associated with a name 1902-
245 10 - TITLE STATEMENT
Title Bhaishajya samhitā.
260 ## - PUBLICATION, DISTRIBUTION, ETC.
Date of publication, distribution, etc. [1965]
300 ## - PHYSICAL DESCRIPTION
Extent 8, 256 p.
500 ## - GENERAL NOTE
General note In Hindi.
504 ## - BIBLIOGRAPHY, ETC. NOTE
Bibliography, etc. note Bibliographical footnotes.

No items available.

Powered by Koha